God and the land (Record no. 3879)
[ view plain ]
| 000 -LEADER | |
|---|---|
| fixed length control field | 01945nam a2200469Ia 4500 |
| 082 04 - DEWEY DECIMAL CLASSIFICATION NUMBER | |
| Classification number | 881/.01 |
| 100 1# - MAIN ENTRY--AUTHOR NAME | |
| Personal name | Nelson, Stephanie A. |
| 245 10 - TITLE STATEMENT | |
| Title | God and the land |
| 260 ## - PUBLICATION, DISTRIBUTION, ETC. (IMPRINT) | |
| Place of publication | New York : |
| Name of publisher | Oxford University Press, |
| Year of publication | 1998. |
| 300 ## - PHYSICAL DESCRIPTION | |
| Number of Pages | xvi, 252 p. |
| 650 #0 - SUBJECT ADDED ENTRY--TOPICAL TERM | |
| Topical Term | Agriculture in literature. |
| Topical Term | Agriculture |
| Topical Term | Didactic poetry, Classical |
| Topical Term | Didactic poetry, Greek |
| Topical Term | Farm life in literature. |
| Topical Term | Gods, Greek, in literature. |
| Topical Term | Gods, Roman, in literature. |
| Topical Term | Metaphysics in literature. |
| Topical Term | Mythology, Classical, in literature. |
| Topical Term | Seasons in literature. |
| 700 02 - ADDED ENTRY--PERSONAL NAME | |
| Personal name | Hesiod. |
| Personal name | Grene, David. |
| 856 40 - ELECTRONIC LOCATION AND ACCESS | |
| Uniform Resource Identifier | http://site.ebrary.com/lib/rucke/Doc?id=10279316 |
No items available.
